000 00316nam a2200121Ia 4500
008 220204s9999 xx 000 0 und d
082 _a678:532.13
_bFER
100 _aFerry, John D
245 0 _aViscoelastic properties of polymers
260 _aNew York
_bJohn Wiley
_c1961
650 _aViscoelasticity
942 _cBK
999 _c20501
_d20501